00594 2200241 4500001002100000005001600021008004100037020001800078035002400096090001100120100001900131245002300150250001100173260003700184300002600221650001200247850001500259999001500274999001500289990001600304990001600320990001600336YOGYA-02110000004670201102100955396 ind  a979-514-307-7 0010-021100000004670 a297.61 aShahab, Husein aDialog-dialog sufi aCet. 4 aBandungbRemaja Rosdakaryac1998 aviii, 121 hlm.;17 cm. aSufisme aYOPDYOG[B] a00B0001538 a00B0001537 a1538-B/2000 a1537-B/2000 a1539-B/2000